UM Logo

Etymotic research EB15-LE electronic earplugs: (Record no. 16365)

MARC details
000 -LEADER
fixed length control field 00702nam a2200157 4500
008 - FIXED-LENGTH DATA ELEMENTS--GENERAL INFORMATION
fixed length control field 220118b ||||| |||| 00| 0 eng d
022 ## - INTERNATIONAL STANDARD SERIAL NUMBER
International Standard Serial Number 0893-8989
082 ## - DEWEY DECIMAL CLASSIFICATION NUMBER
Classification number DPer 363.205 P75 Sept 2013-May 2016 v. 37 & 40, n. 9-11/1-5
100 ## - MAIN ENTRY--PERSONAL NAME
Personal name George, A. J.
9 (RLIN) 43816
245 ## - TITLE STATEMENT
Title Etymotic research EB15-LE electronic earplugs:
Remainder of title etymotic's new "ears" cut 25 decibels off of sharp noises, but allow you to hear conversations on the range/
Statement of responsibility, etc. A. J. George.
260 ## - PUBLICATION, DISTRIBUTION, ETC. (IMPRINT)
Place of publication, distribution, etc. California:
Name of publisher, distributor, etc. Bobit Business Media,
Date of publication, distribution, etc. ©Sept 2013-May 2016.
300 ## - PHYSICAL DESCRIPTION
Extent v37 n9, page 62;
Other physical details illustrations;
Dimensions 27 cm.
500 ## - GENERAL NOTE
General note Police: the law enforcement magazine.
650 ## - SUBJECT ADDED ENTRY--TOPICAL TERM
Topical term or geographic name as entry element Police
General subdivision Equipment and supplies.
9 (RLIN) 43817
942 ## - ADDED ENTRY ELEMENTS (KOHA)
Source of classification or shelving scheme Dewey Decimal Classification
Koha item type Periodicals
Holdings
Withdrawn status Lost status Source of classification or shelving scheme Damaged status Not for loan Collection code Home library Current library Date acquired Total Checkouts Full call number Date last seen Price effective from Koha item type Public note
    Dewey Decimal Classification     Periodicals UM Digos College - LIC UM Digos College - LIC 01/18/2022   DPer 363.205 P75 Sept 2013-May 2016 v. 37 & 40, n. 9-11/1-5 01/18/2022 01/18/2022 Periodicals Periodical article